| 000 | 00811cam a22002411 4500 | ||
|---|---|---|---|
| 001 | ne 66001089 | ||
| 003 | DLC | ||
| 005 | 20260227111824.0 | ||
| 008 | 840111s1965 ua 000 0 arar | ||
| 010 | _ane 66001089 | ||
| 035 | _a(OCoLC)10288010 | ||
| 040 |
_aDLC _cTxU _dDLC |
||
| 042 | _apremarc | ||
| 050 | 0 | 0 |
_aHF5549 _b.U2 1965 |
| 100 | 1 | _aʻUbayd, ʻĀṭif Muḥammad. | |
| 245 | 1 | 0 |
_aIdārat al-afrād min al-nāḥiyah al-taṭbīqīyah, _ctaʼlīf ʻĀṭif Muḥammad ʻUbayd. |
| 260 |
_a[al-Qāhirah, _bDār al-Nahḍah al-ʻArabīyah, _c1965] |
||
| 300 |
_a919 p. : _billus., forms. ; _c23 cm. |
||
| 490 | 0 | _aMarājiʻ idārat al-aʻmāl. | |
| 500 | _aAt head of title: Dirāsāt ʻamalīyah fī idārat al-aʻmāl. | ||
| 504 | _aIncludes bibliographies. | ||
| 650 | 0 | _aPersonnel management. | |
| 999 |
_c48954 _d48954 |
||